[Event "AUT-chT 2001-2002"]
[Site ""]
[Date "2001.10.31"]
[Round "1.6.6"]
[White "CASAGRANDE, Harald"]
[Black "WINIWARTER, Felix"]
[Result "1-0"]
[WhiteElo "2359"]
[BlackElo "2174"]
[PlyCount "75"]
[EventDate "2001.10.31"]

1. c4 f5 2. g3 Nf6 3. Bg2 g6 4. d4 Bg7 5. Nc3 O-O 6. Nh3 d6 7. Nf4 Nc6 8. O-O
a6 9. Rb1 Bd7 10. c5 Rb8 11. d5 Ne5 12. b4 b5 13. c6 Bc8 14. Be3 Qe8 15. Ba7
Ra8 16. Bd4 Kh8 17. a4 bxa4 18. Qxa4 g5 19. Bxe5 dxe5 20. Ne6 Bxe6 21. dxe6 e4
22. e3 Qh5 23. h3 f4 24. exf4 gxf4 25. gxf4 Qh4 26. Ne2 Nh5 27. Rb3 Rg8 28. b5
axb5 29. Qxe4 Ra4 30. Rb4 Rxb4 31. Qxb4 Bf6 32. Kh1 Rg4 33. Qxb5 Nxf4 34. Nxf4
Rxf4 35. Qb8+ Kg7 36. Qxc7 Rxf2 37. Rg1 Rf3 38. Bxf3+ 1-0

[Event "AUT-chT 2001-2002"]
[Site ""]
[Date "2001.11.01"]
[Round "2.1.1"]
[White "BISCHOFF, Klaus"]
[Black "STOHL, Igor"]
[Result "1-0"]
[WhiteElo "2541"]
[BlackElo "2534"]
[PlyCount "53"]
[EventDate "2001.11.01"]

1. Nf3 Nf6 2. c4 e6 3. d4 d5 4. Nc3 dxc4 5. e3 a6 6. Bxc4 c5 7. O-O b5 8. Be2
Bb7 9. dxc5 Qxd1 10. Rxd1 Bxc5 11. Nd4 Nbd7 12. Nb3 Bb6 13. a4 b4 14. a5 bxc3
15. axb6 cxb2 16. Bxb2 Nxb6 17. Na5 Be4 18. f3 Bg6 19. Ba3 Nfd5 20. Nb7 f6 21.
Rac1 Na4 22. Rxd5 exd5 23. Rc7 Nb6 24. Rxg7 Nc4 25. Bc5 a5 26. Bxc4 dxc4 27.
Nd6+ 1-0

[Event "AUT-chT 2001-2002"]
[Site ""]
[Date "2001.11.01"]
[Round "2.1.4"]
[White "LENDWAI, Reinhard"]
[Black "STEFLITSCH, Erich"]
[Result "0-1"]
[WhiteElo "2372"]
[BlackElo "2371"]
[PlyCount "60"]
[EventDate "2001.11.01"]

1. e4 e5 2. Bc4 Nf6 3. d3 d5 4. exd5 Nxd5 5. Nf3 Nc6 6. O-O Bc5 7. Re1 O-O 8.
Nxe5 Qh4 9. Nf3 Qxf2+ 10. Kh1 Nf6 11. Re2 Ng4 12. c3 b5 13. Bd5 Bb7 14. Nbd2
Rae8 15. Ne4 Rxe4 16. dxe4 b4 17. Bg5 Ba6 18. Rd2 bxc3 19. bxc3 Na5 20. h3 Ne3
21. Bxe3 Qxe3 22. Ne5 Bd6 23. Nxf7 Rxf7 24. Rb2 Nc6 25. Bxf7+ Kxf7 26. Qd5+ Ke7
27. Qxc6 Qg3 28. e5 Qxe5 29. g4 Bd3 30. Rb4 Qh2# 0-1

[Event "AUT-chT 2001-2002"]
[Site ""]
[Date "2001.11.01"]
[Round "2.2.1"]
[White "HERTNECK, Gerald"]
[Black "UHLMANN, Wolfgang"]
[Result "1-0"]
[WhiteElo "2570"]
[BlackElo "2473"]
[PlyCount "79"]
[EventDate "2001.11.01"]

1. d4 Nf6 2. c4 g6 3. Nc3 Bg7 4. e4 d6 5. Nf3 O-O 6. Be2 e5 7. O-O Nc6 8. d5
Ne7 9. Ne1 Nd7 10. Nd3 f5 11. Bd2 Nf6 12. f3 c5 13. Rb1 a5 14. b3 h5 15. a3 Kh7
16. b4 axb4 17. axb4 b6 18. Qc1 fxe4 19. fxe4 Neg8 20. bxc5 bxc5 21. Ne1 Bh6
22. Nf3 Bxd2 23. Qxd2 Kg7 24. Ng5 Qe7 25. Nb5 Nh7 26. Nxh7 Rxf1+ 27. Rxf1 Kxh7
28. h4 Kg7 29. Qg5 Ra6 30. Qxe7+ Nxe7 31. Nc7 Rb6 32. Ne8+ Kg8 33. Rf6 Bg4 34.
Bxg4 hxg4 35. Rxd6 Rb1+ 36. Kh2 Rc1 37. Nf6+ Kg7 38. Nxg4 Rxc4 39. Re6 Kf8 40.
Nxe5 1-0

[Event "AUT-chT 2001-2002"]
[Site ""]
[Date "2001.11.01"]
[Round "2.2.2"]
[White "WEGENER, Dirk"]
[Black "TISCHBIEREK, Raj"]
[Result "1/2-1/2"]
[WhiteElo "2345"]
[BlackElo "2493"]
[PlyCount "111"]
[EventDate "2001.11.01"]

1. e4 d6 2. d4 Nf6 3. Nc3 g6 4. f4 Bg7 5. Nf3 O-O 6. Be2 c5 7. dxc5 Qa5 8. O-O
Qxc5+ 9. Kh1 Nc6 10. a3 Rd8 11. Qe1 d5 12. b4 Qb6 13. e5 Ne4 14. Bd3 Nxc3 15.
Qxc3 Bg4 16. Qe1 e6 17. Be3 Qc7 18. Nd4 Bf5 19. Nxf5 exf5 20. Bc5 Qd7 21. c4
Qe6 22. cxd5 Qxd5 23. Bb1 b6 24. Be3 Rac8 25. Qf2 Ne7 26. a4 Qc4 27. b5 Nd5 28.
Ba2 Qe4 29. Bxd5 Rxd5 30. h3 Bf8 31. Qf3 Rc3 32. Qxe4 fxe4 33. Rfe1 Bb4 34. Re2
Rdd3 35. Bg1 Rc4 36. Raa2 Rc1 37. Kh2 Rc4 38. Rac2 Rxc2 39. Rxc2 e3 40. Re2 Bc5
41. Kg3 Ra3 42. Kf3 Rxa4 43. Bxe3 Ra3 44. Ke4 Ra4+ 45. Kd5 Bxe3 46. Rxe3 Rxf4
47. Ra3 Rb4 48. Kc6 Rc4+ 49. Kd6 Rc5 50. Rxa7 Rxb5 51. Ra8+ Kg7 52. Ra7 Ra5 53.
Rb7 b5 54. Kd5 b4+ 55. Ke4 Ra2 56. Kf3 1/2-1/2

[Event "AUT-chT 2001-2002"]
[Site ""]
[Date "2001.11.01"]
[Round "2.2.3"]
[White "MADL, Ildiko"]
[Black "ROLLETSCHEK, Heinrich"]
[Result "0-1"]
[WhiteElo "2426"]
[BlackElo "2269"]
[PlyCount "134"]
[EventDate "2001.11.01"]

1. e4 e5 2. Nf3 Nc6 3. Bb5 a6 4. Ba4 d6 5. c3 Bd7 6. d4 g6 7. O-O Bg7 8. Re1
Nge7 9. d5 Nb8 10. c4 O-O 11. Bxd7 Nxd7 12. Nc3 h6 13. Bd2 f5 14. Rb1 Nf6 15.
b4 c6 16. dxc6 bxc6 17. Qb3 fxe4 18. Nxe4 Nxe4 19. Rxe4 Kh7 20. Re2 Nf5 21. Qd3
Qc7 22. Bc3 Rae8 23. Rbe1 Rd8 24. a4 Bf6 25. Nd2 Rf7 26. Ne4 Bg7 27. Qh3 Kg8
28. Nd2 Kh7 29. Nf3 Bf6 30. g4 Nd4 31. Bxd4 exd4 32. g5 Bg7 33. gxh6 Bf6 34.
Nd2 d5 35. c5 Qf4 36. Qd3 Bh4 37. Rf1 Rdf8 38. f3 Rb8 39. Kh1 Rxb4 40. Qxa6 d3
41. Qxd3 Rxa4 42. Rg1 Qf5 43. Qxf5 Rxf5 44. Rg4 Ra1+ 45. Kg2 Bf6 46. Nb3 Rb1
47. Nd4 Bxd4 48. Rxd4 Rc1 49. Re7+ Kxh6 50. Rg4 Rc2+ 51. Kg3 Rc3 52. Rh4+ Kg5
53. Rg4+ Kf6 54. Rd7 Rfxf3+ 55. Kg2 Rfd3 56. Rd6+ Kf5 57. Rgxg6 Rc2+ 58. Kh1
Rd1+ 59. Rg1 Rxg1+ 60. Kxg1 Rxc5 61. Kg2 Rc2+ 62. Kg3 Rc3+ 63. Kg2 Ke5 64. Rd8
d4 65. h4 Ke4 66. h5 Rc5 67. Rd6 Rg5+ 0-1

[Event "AUT-chT 2001-2002"]
[Site ""]
[Date "2001.11.01"]
[Round "2.2.4"]
[White "BAUMGARTNER, Heinz"]
[Black "DRUCKENTHANER, Andreas"]
[Result "1-0"]
[WhiteElo "2350"]
[BlackElo "2330"]
[PlyCount "75"]
[EventDate "2001.11.01"]

1. Nf3 Nc6 2. d4 d5 3. g3 Bg4 4. Bg2 e6 5. O-O Nf6 6. b3 Be7 7. Bb2 Ne4 8. Ne1
Bh5 9. f3 Nd6 10. Nd3 Nf5 11. Nf4 Bg6 12. Nxg6 hxg6 13. Qd2 Bf6 14. e3 Qd6 15.
Rf2 O-O-O 16. Nc3 Rh6 17. f4 g5 18. Ne2 gxf4 19. exf4 Rh7 20. c3 Rdh8 21. Bf3
Qd7 22. Rd1 Nd6 23. Nc1 Be7 24. Nd3 Ne4 25. Bxe4 dxe4 26. Ne5 Nxe5 27. fxe5 f5
28. exf6 gxf6 29. c4 f5 30. d5 Rg8 31. dxe6 Qxd2 32. Rfxd2 f4 33. Be5 e3 34.
Rd7 Bc5 35. Kg2 e2 36. Re1 Rxd7 37. exd7+ Kxd7 38. Bxf4 1-0

[Event "AUT-chT 2001-2002"]
[Site ""]
[Date "2001.11.01"]
[Round "2.2.5"]
[White "OPL, Klaus"]
[Black "NIEDERMAYR, Horst"]
[Result "1-0"]
[WhiteElo "2263"]
[BlackElo "2178"]
[PlyCount "121"]
[EventDate "2001.11.01"]

1. d4 f5 2. g3 Nf6 3. Bg2 g6 4. Nh3 Bg7 5. Nf4 c6 6. Nd2 Na6 7. c3 Rb8 8. h4 d5
9. Nf3 Ne4 10. Nd3 Be6 11. Bf4 Rc8 12. h5 Qa5 13. Kf1 Bf6 14. hxg6 hxg6 15.
Rxh8+ Bxh8 16. Nde5 Bf7 17. Nxf7 Kxf7 18. Ne5+ Bxe5 19. Bxe5 Nf6 20. a4 Qd8 21.
Qb3 Qd7 22. f3 c5 23. Qb5 Rc6 24. dxc5 Nxc5 25. Qb4 Qe6 26. Bd4 Qc8 27. Rd1 e6
28. a5 a6 29. Bxf6 Kxf6 30. Qh4+ Kf7 31. g4 Qg8 32. gxf5 gxf5 33. Kf2 Ke8 34.
Rh1 Kd7 35. Qf6 Rc8 36. Rh6 Qf8 37. Rh7+ Kc6 38. Qd4 Rc7 39. Rh1 Qg7 40. Qb4
Kd7 41. Rh3 Kc8 42. Rg3 Qh7 43. Qd4 Nd7 44. Rh3 Qf7 45. Rh8+ Nf8 46. f4 Kd7 47.
Qb4 Ng6 48. Rb8 Qf6 49. Rxb7 Qh4+ 50. Ke3 Qg3+ 51. Bf3 Rxb7 52. Qxb7+ Kd8 53.
Qb8+ Kd7 54. Qa7+ Kd8 55. Qd4 Nh4 56. Qb6+ Kd7 57. Qb7+ Kd8 58. Qxa6 Ng2+ 59.
Kd3 Nxf4+ 60. Kc2 Qf2 61. Qd6+ 1-0

[Event "AUT-chT 2001-2002"]
[Site ""]
[Date "2001.11.01"]
[Round "2.2.6"]
[White "WINIWARTER, Felix"]
[Black "PETERWAGNER, Heinz"]
[Result "0-1"]
[WhiteElo "2174"]
[BlackElo "2226"]
[PlyCount "72"]
[EventDate "2001.11.01"]

1. e4 c5 2. Nf3 Nc6 3. d4 cxd4 4. Nxd4 Nf6 5. Nc3 e5 6. Ndb5 d6 7. Bg5 a6 8.
Na3 b5 9. Nd5 Qa5+ 10. Bd2 Qd8 11. Bg5 Qa5+ 12. Bd2 Qd8 13. Bd3 Be7 14. O-O O-O
15. c3 Be6 16. Be3 Rb8 17. Nc2 Ng4 18. Bc1 Bg5 19. h3 Bxc1 20. Qxc1 Nf6 21.
Nce3 Bxd5 22. exd5 Ne7 23. Qd2 Nh5 24. g3 f5 25. Kh2 Qd7 26. Be2 Nf6 27. f4 Ne4
28. Qc2 exf4 29. gxf4 Ng6 30. Rae1 Rbe8 31. Nxf5 Qxf5 32. Bg4 Qxd5 33. Re2 Nf6
34. Qd1 Qc4 35. Ref2 Nxg4+ 36. hxg4 Rxf4 0-1

[Event "AUT-chT 2001-2002"]
[Site ""]
[Date "2001.11.01"]
[Round "2.3.1"]
[White "BOENSCH, Uwe"]
[Black "LEHNER, Oliver"]
[Result "1/2-1/2"]
[WhiteElo "2542"]
[BlackElo "2437"]
[PlyCount "79"]
[EventDate "2001.11.01"]

1. d4 Nf6 2. c4 e6 3. Nf3 Bb4+ 4. Nbd2 O-O 5. a3 Be7 6. e4 d5 7. e5 Nfd7 8.
cxd5 exd5 9. Bd3 c5 10. O-O Nc6 11. Re1 a5 12. Bc2 Re8 13. h3 g6 14. Ba4 Rb8
15. Bb5 Qb6 16. a4 Na7 17. Bxd7 Bxd7 18. dxc5 Bxc5 19. Re2 Qb4 20. b3 Nc6 21.
Ba3 Qb6 22. Bxc5 Qxc5 23. Rc1 Qb4 24. Nf1 Rbd8 25. Qd2 d4 26. Qh6 Qf8 27. Qh4
h6 28. N1d2 Bf5 29. Ne4 Bxe4 30. Rxe4 d3 31. Rd1 Rd5 32. Qf4 Qg7 33. Qe3 Nxe5
34. Kh1 Re6 35. Rxe5 Rexe5 36. Nxe5 Qxe5 37. Qxe5 Rxe5 38. Rxd3 b5 39. axb5
Rxb5 40. g3 1/2-1/2

[Event "AUT-chT 2001-2002"]
[Site ""]
[Date "2001.11.01"]
[Round "2.3.2"]
[White "VARGA, Peter"]
[Black "STANGL, Markus"]
[Result "1/2-1/2"]
[WhiteElo "2484"]
[BlackElo "2457"]
[PlyCount "59"]
[EventDate "2001.11.01"]

1. d4 Nf6 2. c4 g6 3. f3 d5 4. cxd5 Nxd5 5. e4 Nb6 6. Nc3 Bg7 7. Be3 O-O 8. Qd2
Nc6 9. O-O-O e5 10. d5 Nd4 11. Nb5 Nxb5 12. Bxb5 Bd7 13. Be2 Nc8 14. h4 Nd6 15.
h5 f5 16. hxg6 hxg6 17. Bd3 c5 18. dxc6 Rc8 19. Bc2 Rxc6 20. Qd5+ Rf7 21. Kb1
Qc7 22. Bb3 Nc4 23. Nh3 Be6 24. Qd8+ Qxd8 25. Rxd8+ Rf8 26. Rxf8+ Kxf8 27. Ng5
Bg8 28. Bc1 b5 29. exf5 gxf5 30. Bc2 1/2-1/2

[Event "AUT-chT 2001-2002"]
[Site ""]
[Date "2001.11.01"]
[Round "2.3.3"]
[White "WEINZETTL, Ernst"]
[Black "VOGT, Lothar"]
[Result "1/2-1/2"]
[WhiteElo "2415"]
[BlackElo "2460"]
[PlyCount "40"]
[EventDate "2001.11.01"]

1. d4 Nf6 2. Nf3 c5 3. e3 g6 4. Be2 Bg7 5. O-O b6 6. c4 O-O 7. Nc3 cxd4 8. exd4
d5 9. Ne5 Bb7 10. Bf3 Na6 11. Qa4 Nc7 12. Be3 Qe8 13. Qa3 e6 14. Bf4 Qc8 15.
Nb5 Nxb5 16. cxb5 Qe8 17. Be2 Nh5 18. Bd2 f6 19. Nc6 f5 20. Ne5 Qd8 1/2-1/2

[Event "AUT-chT 2001-2002"]
[Site ""]
[Date "2001.11.01"]
[Round "2.3.4"]
[White "NEUBAUER, Martin"]
[Black "ELLERS, Holger"]
[Result "1/2-1/2"]
[WhiteElo "2434"]
[BlackElo "2444"]
[PlyCount "49"]
[EventDate "2001.11.01"]

1. e4 e6 2. Nc3 d5 3. d4 Nf6 4. Bg5 dxe4 5. Nxe4 Nbd7 6. Nxf6+ Nxf6 7. Nf3 h6
8. Bh4 c5 9. Be2 Be7 10. O-O cxd4 11. Qxd4 Qxd4 12. Nxd4 Bd7 13. Rad1 Rc8 14.
c3 Ne4 15. Bxe7 Kxe7 16. f4 Nd6 17. Rfe1 Rhd8 18. Bd3 Kf8 19. Re2 a6 20. Red2
Ke7 21. Re2 Kf8 22. g3 Ba4 23. Rde1 Be8 24. Rd2 b5 25. Re5 1/2-1/2

[Event "AUT-chT 2001-2002"]
[Site ""]
[Date "2001.11.01"]
[Round "2.3.5"]
[White "BLAAS, Hansjoerg"]
[Black "GANAUS, Hannes"]
[Result "1-0"]
[WhiteElo "2216"]
[BlackElo "2364"]
[PlyCount "141"]
[EventDate "2001.11.01"]

1. e4 c6 2. d4 d5 3. e5 c5 4. c3 Nc6 5. Na3 g6 6. Be2 Bg7 7. h4 cxd4 8. cxd4
Qb6 9. Be3 Nh6 10. Qd2 Nf5 11. Nf3 h5 12. O-O Nxe3 13. fxe3 Bf5 14. Bd3 a6 15.
Rac1 e6 16. Bxf5 gxf5 17. Nb1 Bh6 18. Nc3 Rg8 19. Rf2 Rg4 20. Na4 Qb4 21. Qxb4
Nxb4 22. Re2 Re4 23. Rc3 Nxa2 24. Ra3 Nb4 25. Nc5 Rg4 26. Nxb7 Bf8 27. Rc3 Kd7
28. Re1 Ra7 29. Na5 Be7 30. Nb3 Rg8 31. Ra1 Rc8 32. Rxc8 Kxc8 33. Rc1+ Kd7 34.
Kf1 Nd3 35. Rc2 Rb7 36. Nfd2 Rc7 37. Rc3 Nxb2 38. Nc5+ Bxc5 39. dxc5 Na4 40.
Ra3 Nxc5 41. Ke2 Rb7 42. Ra2 Ke7 43. Nf3 f6 44. Rc2 Rc7 45. exf6+ Kxf6 46. Nd4
e5 47. Nb3 Ne6 48. Ra2 Rb7 49. Nd2 Rb6 50. Ra5 Rd6 51. g3 e4 52. Nb3 Rb6 53.
Nd2 d4 54. exd4 Nxd4+ 55. Kf2 Nc6 56. Rc5 Ne5 57. Rxe5 Rd6 58. Nc4 Rc6 59. Ra5
Rxc4 60. Rxa6+ Ke5 61. Ra5+ Kd4 62. Rxf5 Rc2+ 63. Kf1 Ke3 64. Rxh5 Rf2+ 65. Kg1
Ke2 66. Rd5 Rf1+ 67. Kg2 Rf2+ 68. Kh3 e3 69. h5 Kf3 70. Rf5+ Ke4 71. Rxf2 1-0

[Event "AUT-chT 2001-2002"]
[Site ""]
[Date "2001.11.01"]
[Round "2.3.6"]
[White "NEUMEIER, Klaus"]
[Black "HOELLRIGL, Wilfried"]
[Result "1-0"]
[WhiteElo "2344"]
[BlackElo "2196"]
[PlyCount "99"]
[EventDate "2001.11.01"]

1. e4 c5 2. Nc3 Nc6 3. g3 g6 4. Bg2 Bg7 5. d3 d6 6. f4 e6 7. Nf3 Nge7 8. O-O
O-O 9. Be3 Nd4 10. Qd2 Rb8 11. Rae1 b6 12. Bxd4 cxd4 13. Nb5 Nc6 14. e5 dxe5
15. Nxe5 Nxe5 16. fxe5 Bb7 17. g4 a6 18. Nd6 Bxg2 19. Qxg2 Qc7 20. Qg3 Rbd8 21.
Qh4 Rd7 22. Ne4 h6 23. Nf6+ Bxf6 24. exf6 Kh7 25. Re2 Qc5 26. Rf3 Qg5 27. Qxg5
hxg5 28. c4 dxc3 29. bxc3 Rc8 30. d4 Rdc7 31. Ree3 Rh8 32. Kf1 Kg8 33. h3 Kf8
34. Ke1 Rc4 35. Kd1 Ra4 36. Re2 Ra5 37. Rb2 Rb5 38. Rxb5 axb5 39. c4 Ke8 40.
cxb5 Kd7 41. Ra3 Kd6 42. Ra7 Kd5 43. Rxf7 Kxd4 44. Rc7 Rxh3 45. a4 Rf3 46. f7
Kd5 47. Ke2 Rf4 48. a5 bxa5 49. b6 Kd6 50. Ra7 1-0

[Event "AUT-chT 2001-2002"]
[Site ""]
[Date "2001.11.01"]
[Round "2.4.1"]
[White "BELIAVSKY, Alexander"]
[Black "HICKL, Joerg"]
[Result "1/2-1/2"]
[WhiteElo "2668"]
[BlackElo "2600"]
[PlyCount "73"]
[EventDate "2001.11.01"]

1. d4 d6 2. e4 g6 3. Nc3 c6 4. Nf3 Bg7 5. Be2 Nf6 6. a4 O-O 7. O-O Nbd7 8. Bf4
Qa5 9. Nd2 Qc7 10. Nc4 e5 11. Bg3 Ne8 12. dxe5 dxe5 13. a5 Nc5 14. Qd2 Ne6 15.
Na4 Nf4 16. Nc5 Qe7 17. b4 Nc7 18. Rab1 Rd8 19. Bd3 Bh6 20. Kh1 Nb5 21. Qe1 Rb8
22. f3 f6 23. Rd1 Kg7 24. Bf2 Be6 25. Ne3 Nd4 26. c3 Nxd3 27. Rxd3 Nb5 28. Qd2
Bc4 29. Rd7 Rxd7 30. Qxd7 Qxd7 31. Nxd7 Rd8 32. Nxc4 Rxd7 33. a6 Nxc3 34. Na5
bxa6 35. Nxc6 Nb5 36. Ra1 Kf7 37. h4 1/2-1/2

[Event "AUT-chT 2001-2002"]
[Site ""]
[Date "2001.11.01"]
[Round "2.4.2"]
[White "ATLAS, Valeri"]
[Black "LUTHER, Thomas"]
[Result "0-1"]
[WhiteElo "2484"]
[BlackElo "2604"]
[PlyCount "122"]
[EventDate "2001.11.01"]

1. e4 e6 2. d4 d5 3. Nc3 Nf6 4. e5 Nfd7 5. Nce2 c5 6. f4 Nc6 7. Nf3 Qb6 8. c3
f6 9. g3 cxd4 10. Nexd4 fxe5 11. fxe5 Nc5 12. Bh3 Be7 13. O-O O-O 14. Qe2 Nxd4
15. Nxd4 Rxf1+ 16. Kxf1 Bd7 17. Kg2 Kh8 18. Be3 Qc7 19. Bg1 Rf8 20. Re1 a6 21.
Bg4 Qc8 22. Rf1 Ne4 23. Rxf8+ Bxf8 24. Qf3 Kg8 25. h4 Bc5 26. Ne2 Bxg1 27. Kxg1
Qc7 28. Qe3 Qxe5 29. Bf3 Bb5 30. Bxe4 dxe4 31. Qd4 Qd5 32. Nf4 Qxd4+ 33. cxd4
Kf7 34. Kf2 Kf6 35. Ke3 Bc6 36. Nh3 Bd5 37. a3 Kf5 38. Nf2 h5 39. Ke2 a5 40. b4
a4 41. Ke3 Bc6 42. Kd2 e5 43. Ke3 g6 44. dxe5 Kxe5 45. Nh3 Kd5 46. Nf4+ Kc4 47.
Nxg6 Kb3 48. Ne5 Kxa3 49. Nxc6 bxc6 50. g4 Kxb4 51. g5 a3 52. g6 a2 53. g7 a1=Q
54. g8=Q Qc1+ 55. Kf2 e3+ 56. Kf3 Qd1+ 57. Kf4 Qd4+ 58. Kg3 Qe5+ 59. Kh3 e2 60.
Qf8+ c5 61. Qa8 Qe3+ 0-1

[Event "AUT-chT 2001-2002"]
[Site ""]
[Date "2001.11.01"]
[Round "2.4.3"]
[White "STANEC, Nikolaus"]
[Black "NOVKOVIC, Milan"]
[Result "1-0"]
[WhiteElo "2512"]
[BlackElo "2396"]
[PlyCount "89"]
[EventDate "2001.11.01"]

1. d4 d5 2. c4 dxc4 3. Nf3 Nf6 4. e3 e6 5. Bxc4 c5 6. O-O Nc6 7. Qe2 Be7 8. Rd1
Qc7 9. dxc5 Bxc5 10. a3 a6 11. b4 Be7 12. Bb2 O-O 13. Nc3 b5 14. Bd3 Bb7 15.
Rac1 Rfd8 16. Ne4 Nxe4 17. Bxe4 Rxd1+ 18. Qxd1 Rd8 19. Qe2 Qd6 20. h3 h6 21.
Bb1 Nb8 22. Qc2 f5 23. Be5 Qd7 24. Qb2 Bd6 25. Bxd6 Qxd6 26. Nd4 Nc6 27. Ba2
Nxd4 28. Qxd4 Bd5 29. Bxd5 exd5 30. Rc5 Rd7 31. h4 Qe6 32. g3 Kh7 33. Rc8 Qd6
34. Re8 Re7 35. Rxe7 Qxe7 36. Qxd5 Qf6 37. Kg2 h5 38. Kf3 g6 39. Kf4 Kh6 40.
Qd4 Qf8 41. Qb6 Qc8 42. Ke5 Qc3+ 43. Ke6 Qxa3 44. Kf7 Qa2+ 45. Qe6 1-0

[Event "AUT-chT 2001-2002"]
[Site ""]
[Date "2001.11.01"]
[Round "2.4.4"]
[White "NAUMANN, Alexander"]
[Black "KINDERMANN, Stefan"]
[Result "1-0"]
[WhiteElo "2485"]
[BlackElo "2520"]
[PlyCount "83"]
[EventDate "2001.11.01"]

1. d4 f5 2. e4 fxe4 3. Nc3 Nf6 4. Bg5 Nc6 5. d5 Ne5 6. Qd4 Nf7 7. Bxf6 exf6 8.
Nxe4 f5 9. Ng3 g6 10. O-O-O Bh6+ 11. f4 O-O 12. Nf3 Bg7 13. Qd2 b5 14. c3 Rb8
15. h4 h5 16. Re1 Rb6 17. Bd3 Bb7 18. Bc2 Rd6 19. Bb3 a5 20. a4 bxa4 21. Bxa4
Bxd5 22. Qc2 Qa8 23. Re3 Rb8 24. Rhe1 Be6 25. Ne2 c5 26. Ng5 Rdb6 27. Nxe6 dxe6
28. b3 Qb7 29. c4 Qe7 30. g3 Rd6 31. Nc3 Qf6 32. Nb5 Rdb6 33. Nc7 Qa1+ 34. Qb1
Qa3+ 35. Kc2 Rd6 36. Rxe6 Rxe6 37. Rxe6 Qb4 38. Nd5 Qb7 39. Re7 Qc8 40. Qe1 Qf8
41. Qe6 Rd8 42. Be8 1-0

[Event "AUT-chT 2001-2002"]
[Site ""]
[Date "2001.11.01"]
[Round "2.4.5"]
[White "TESKE, Henrik"]
[Black "GAERTNER, Guntram"]
[Result "1/2-1/2"]
[WhiteElo "2504"]
[BlackElo "2392"]
[PlyCount "112"]
[EventDate "2001.11.01"]

1. Nf3 Nf6 2. c4 e6 3. Nc3 Bb4 4. g4 h6 5. a3 Bxc3 6. dxc3 b6 7. h3 Bb7 8. Bg2
d6 9. Be3 Nbd7 10. O-O Qe7 11. b4 Nh7 12. Nd4 Bxg2 13. Kxg2 Ne5 14. c5 dxc5 15.
Qa4+ Qd7 16. Qxd7+ Kxd7 17. bxc5 Nc4 18. Rad1 Kc8 19. Nc2 Nf6 20. Rd4 Nxe3+ 21.
Nxe3 bxc5 22. Rf4 Rf8 23. h4 Rb8 24. g5 hxg5 25. hxg5 Nd5 26. Nxd5 exd5 27. Rd1
c6 28. c4 dxc4 29. Rxc4 Rd8 30. Rdc1 Rd5 31. f4 Rb2 32. Kf3 Rb3+ 33. Kg4 Re3
34. Rxc5 Rxc5 35. Rxc5 Rxe2 36. Rxc6+ Kb7 37. Rc3 g6 38. Rh3 Kc6 39. Rh7 Re7
40. f5 Kd6 41. Kf4 gxf5 42. Kxf5 Re3 43. Rxf7 Rxa3 44. Kf6 a5 45. g6 a4 46. Ra7
Rf3+ 47. Kg5 Rg3+ 48. Kf5 a3 49. g7 a2 50. Kf6 Rf3+ 51. Kg6 Rg3+ 52. Kf7 Rf3+
53. Ke8 Re3+ 54. Kf8 Rf3+ 55. Kg8 Rf2 56. Ra6+ Ke7 1/2-1/2

[Event "AUT-chT 2001-2002"]
[Site ""]
[Date "2001.11.01"]
[Round "2.4.6"]
[White "THOMA, Robert"]
[Black "WATZKA, Horst"]
[Result "1/2-1/2"]
[WhiteElo "2358"]
[BlackElo "2364"]
[PlyCount "50"]
[EventDate "2001.11.01"]

1. Nf3 c5 2. c4 Nc6 3. Nc3 g6 4. g3 Bg7 5. Bg2 e5 6. d3 d6 7. a3 Nge7 8. Rb1 a5
9. O-O O-O 10. Ne1 Be6 11. Nd5 Rb8 12. Nxe7+ Nxe7 13. b4 cxb4 14. axb4 b5 15.
cxb5 Rxb5 16. Bd2 axb4 17. Rxb4 Rxb4 18. Bxb4 Qb6 19. Bd2 h6 20. Nf3 Rb8 21.
Qc1 Kh7 22. Qa3 Nf5 23. e4 Nd4 24. Nxd4 Qxd4 25. Be3 Qb4 1/2-1/2

[Event "AUT-chT 2001-2002"]
[Site ""]
[Date "2001.11.01"]
[Round "2.5.2"]
[White "BAUMEGGER, Siegfried"]
[Black "RABIEGA, Robert"]
[Result "0-1"]
[WhiteElo "2395"]
[BlackElo "2503"]
[PlyCount "52"]
[EventDate "2001.11.01"]

1. e4 e5 2. Nf3 Nf6 3. Nxe5 d6 4. Nf3 Nxe4 5. Nc3 Nxc3 6. dxc3 Be7 7. Be3 Nc6
8. Qd2 O-O 9. O-O-O Ne5 10. Nd4 a6 11. f4 Ng4 12. Bd3 Nxe3 13. Qxe3 Bf6 14. Qf3
Bd7 15. g4 Bxd4 16. cxd4 Bc6 17. Qh3 g6 18. Rhf1 Re8 19. Qh6 Qe7 20. g5 Qe3+
21. Rd2 Be4 22. Be2 c5 23. dxc5 Rac8 24. Qh4 Rxc5 25. Bd1 Bxc2 26. Bxc2 Rec8
0-1

[Event "AUT-chT 2001-2002"]
[Site ""]
[Date "2001.11.01"]
[Round "2.5.4"]
[White "WITTMANN, Walter"]
[Black "FROSCH, Erich"]
[Result "1-0"]
[WhiteElo "2356"]
[BlackElo "2339"]
[PlyCount "75"]
[EventDate "2001.11.01"]

1. e4 e5 2. Nf3 Nc6 3. Bb5 a6 4. Bxc6 dxc6 5. O-O Qd6 6. Na3 f6 7. Nc4 Qe6 8.
Qe2 g5 9. c3 c5 10. Ne3 Ne7 11. d4 exd4 12. cxd4 cxd4 13. Nxd4 Qxe4 14. Rd1 c5
15. Nb3 Ng6 16. Qd2 Be6 17. f3 Qa4 18. Nd5 Kf7 19. Nb6 Qe8 20. Nxa8 Qxa8 21.
Qa5 Qc8 22. Be3 Ne5 23. Bf2 Nc4 24. Qc3 b6 25. Nd2 Ne5 26. Ne4 Kg6 27. Bg3 Qc7
28. Re1 Bg7 29. Nxf6 Bxf6 30. Bxe5 Qg7 31. Rad1 Rf8 32. Rd6 Bxa2 33. Rxb6 Bd5
34. Rxa6 Bb7 35. Rxf6+ Rxf6 36. Bxf6 Qxf6 37. Qxf6+ Kxf6 38. Rc1 1-0

[Event "AUT-chT 2001-2002"]
[Site ""]
[Date "2001.11.01"]
[Round "2.5.6"]
[White "POSTL, Anton"]
[Black "LOEBLER, Heimo"]
[Result "1-0"]
[WhiteElo "2283"]
[BlackElo "2232"]
[PlyCount "83"]
[EventDate "2001.11.01"]

1. Nf3 Nf6 2. g3 g6 3. Bg2 Bg7 4. O-O O-O 5. d4 d6 6. c4 c6 7. Nc3 Qb6 8. e4
Bg4 9. Rb1 Nbd7 10. Be3 Qc7 11. Qd2 Bxf3 12. Bxf3 e5 13. d5 Rfc8 14. Rfc1 Bf8
15. Be2 Qd8 16. f3 a5 17. Bf1 c5 18. Bh3 b6 19. a3 Rcb8 20. Nb5 Rb7 21. Ra1
Rbb8 22. b3 Ne8 23. Bg5 Be7 24. f4 exf4 25. Bxe7 Qxe7 26. Bxd7 Qxd7 27. Qxf4
Qe7 28. Rf1 f6 29. a4 Rb7 30. Ra2 Kg7 31. h4 Qe5 32. Qxe5 dxe5 33. Raf2 h5 34.
Kg2 Rd8 35. Kh3 Rf7 36. Rg2 Nd6 37. Nxd6 Rxd6 38. g4 hxg4+ 39. Rxg4 Kh7 40. h5
g5 41. Rxg5 Rg7 42. Rgf5 1-0

[Event "AUT-chT 2001-2002"]
[Site ""]
[Date "2001.11.01"]
[Round "2.6.3"]
[White "LOEFFLER, Stefan"]
[Black "SCHWARZ, Michael"]
[Result "1/2-1/2"]
[WhiteElo "2400"]
[BlackElo "2389"]
[PlyCount "25"]
[EventDate "2001.11.01"]

1. d4 d5 2. c4 c6 3. Nc3 Nf6 4. Nf3 e6 5. Bg5 Nbd7 6. e3 Qa5 7. Nd2 dxc4 8.
Bxf6 Nxf6 9. Nxc4 Qc7 10. Be2 Be7 11. O-O O-O 12. Rc1 Bd7 13. Qb3 1/2-1/2

[Event "AUT-chT 2001-2002"]
[Site ""]
[Date "2001.11.01"]
[Round "2.6.4"]
[White "KOTZ, Heinz Peter"]
[Black "PENZ, Harald"]
[Result "1/2-1/2"]
[WhiteElo "2364"]
[BlackElo "2351"]
[PlyCount "27"]
[EventDate "2001.11.01"]

1. e4 e5 2. Nf3 Nf6 3. Nxe5 d6 4. Nf3 Nxe4 5. Bd3 Nc5 6. Be2 d5 7. d4 Ne6 8.
O-O Be7 9. c4 c6 10. Nc3 O-O 11. cxd5 cxd5 12. Qb3 Nc6 13. Be3 Nc7 14. Rfd1
1/2-1/2

[Event "AUT-chT 2001-2002"]
[Site ""]
[Date "2001.11.01"]
[Round "2.6.5"]
[White "ROTH, Peter"]
[Black "PERHINIG, Robert"]
[Result "1-0"]
[WhiteElo "2327"]
[BlackElo "2191"]
[PlyCount "81"]
[EventDate "2001.11.01"]

1. e4 e6 2. d4 d5 3. Nc3 Bb4 4. Nge2 dxe4 5. a3 Bxc3+ 6. Nxc3 Nc6 7. Be3 f5 8.
Qd2 Nf6 9. f3 Nd5 10. fxe4 Nxe3 11. Qxe3 Qxd4 12. Qxd4 Nxd4 13. O-O-O c5 14.
Nb5 O-O 15. Nc7 Rb8 16. c3 Nc6 17. Bc4 Ne5 18. Bxe6+ Bxe6 19. Nxe6 Rf6 20. Nxc5
Rc8 21. Nd7 Nxd7 22. Rxd7 fxe4 23. Re1 Re8 24. Re2 e3 25. Kc2 Rb6 26. Kd3 a6
27. b4 Rbe6 28. Rxb7 Rd6+ 29. Kc2 Red8 30. Rxe3 Rd2+ 31. Kb3 Rxg2 32. Rg3 Rxg3
33. hxg3 h5 34. a4 Rd6 35. a5 Rg6 36. b5 Rg5 37. Kb4 axb5 38. a6 Rg4+ 39. Kxb5
Rg5+ 40. Kb4 Rg4+ 41. c4 1-0

[Event "AUT-chT 2001-2002"]
[Site ""]
[Date "2001.11.01"]
[Round "2.6.6"]
[White "POELTL, Thomas"]
[Black "JANETSCHEK, Karl"]
[Result "0-1"]
[WhiteElo "2168"]
[BlackElo "2326"]
[PlyCount "52"]
[EventDate "2001.11.01"]

1. d4 e6 2. c4 Nf6 3. g3 d5 4. Nf3 c5 5. Bg2 Nc6 6. cxd5 exd5 7. Nc3 Be7 8. O-O
O-O 9. Bg5 cxd4 10. Nxd4 Qb6 11. Nxc6 bxc6 12. Qc2 Be6 13. Rfd1 Ng4 14. Be3
Nxe3 15. fxe3 Qxe3+ 16. Kh1 f5 17. Rd3 Qh6 18. Qa4 Rac8 19. Qxa7 Bd6 20. Qg1 f4
21. gxf4 Rxf4 22. Ne4 Be5 23. Ng3 Rh4 24. Rf1 c5 25. b3 Bf4 26. Be4 Bxg3 0-1